| 000 | 00474nam a2200181Ia 4500 | ||
|---|---|---|---|
| 008 | 220216s9999 xx 000 0 und d | ||
| 100 | _aNjoku O U | ||
| 245 | 0 | _aWood finish from rubber seed oil alkyd resin | |
| 260 |
_bIndian Journal of Natural Rubber Research _c1996 |
||
| 300 | _a137 | ||
| 650 | _aRubber seed oil | ||
| 650 | _aRubber seed oil | ||
| 650 | _aWood finish | ||
| 650 | _aWood finish | ||
| 700 | _aMoneke S M | ||
| 700 | _aOnonogbu I C | ||
| 942 | _cAR | ||
| 999 |
_c47005 _d47005 |
||